[Event "CAN-op (Pinnacle 48th CAN Op Ch)"]
[Site "Toronto CAN"]
[Date "2011.07.17"]
[Round "9"]
[White "Birarov, Vladimir"]
[Black "Chernik, Dmitry"]
[Result "1/2-1/2"]
[WhiteElo "2267"]
[BlackElo "1897"]
[PlyCount "113"]
[GameId "2160767909707511"]
[EventDate "2011.07.09"]
[EventType "swiss"]
[EventRounds "9"]
[EventCountry "CAN"]
[SourceTitle "hb 2011"]

1. d4 Nf6 2. c4 g6 3. Nc3 d5 4. Bg5 Ne4 5. Bh4 Nxc3 6. bxc3 Bg7 7. e3 c5 8. Nf3 Nc6 9. Be2 dxc4 10. Bxc4 cxd4 11. cxd4 Qa5+ 12. Nd2 O-O 13. O-O Bf5 14. Nb3 Qb4 15. Qe2 Rac8 16. Rfc1 Na5 17. a3 Qb6 18. Nxa5 Qxa5 19. Bxe7 Rfe8 20. Bb4 Qb6 21. Qa2 Qc7 22. Rc3 a5 23. Bb5 Qb6 24. Bxe8 Rxe8 25. Bc5 Qc6 26. Qb3 Be4 27. Bb6 a4 28. Qb4 Qe6 29. f3 Bc6 30. Rd1 Qa2 31. Rcd3 Rc8 32. Bc5 Bd5 33. Qxa4 Bh6 34. e4 Bc4 35. Rc3 Be2 36. Re1 Qd2 37. Rcc1 Be3+ 38. Kh1 Bf2 39. Red1 Bxd1 40. Qxd1 Qh6 41. Rb1 Qg5 42. g3 h5 43. f4 Qd8 44. Kg2 Be3 45. Kf3 Bg1 46. Qxg1 Rxc5 47. dxc5 Qd3+ 48. Kg2 Qe2+ 49. Qf2 Qxe4+ 50. Kh3 Qf5+ 51. Kg2 Qe4+ 52. Qf3 Qc2+ 53. Kh3 Qf5+ 54. g4 hxg4+ 55. Qxg4 Qxb1 56. Qf3 Qf5+ 57. Kg2 1/2-1/2

[Event "CAN-op (Pinnacle 48th CAN Op Ch)"]
[Site "Toronto CAN"]
[Date "2011.07.17"]
[Round "9"]
[White "Castaneda, Nelson"]
[Black "Perez Rodriguez, Luis Manuel"]
[Result "0-1"]
[WhiteElo "2229"]
[BlackElo "2467"]
[PlyCount "78"]
[GameId "2160767909707515"]
[EventDate "2011.07.09"]
[EventType "swiss"]
[EventRounds "9"]
[EventCountry "CAN"]
[SourceTitle "CBM 143 Extra"]
[Source "ChessBase"]
[SourceDate "2011.08.29"]
[SourceVersion "1"]
[SourceVersionDate "2011.08.29"]
[SourceQuality "1"]

1. e4 e5 2. Nf3 Nc6 3. Bb5 a6 4. Ba4 Nf6 5. O-O Be7 6. Re1 b5 7. Bb3 O-O 8. c3 d5 9. exd5 Nxd5 10. Nxe5 Nxe5 11. Rxe5 c6 12. d4 Bd6 13. Re1 Qh4 14. g3 Qh3 15. Be3 Bg4 16. Qd3 Rae8 17. Qf1 Qh5 18. Nd2 Re6 19. f3 Nxe3 20. Qf2 Nd5 21. fxg4 Qxg4 22. Qf3 Qg6 23. Re2 h5 24. Rae1 Rxe2 25. Rxe2 h4 26. Kf2 Nf6 27. Ne4 Ng4+ 28. Kg2 h3+ 29. Kxh3 Qh5+ 30. Kg2 Qxh2+ 31. Kf1 Qh3+ 32. Kg1 Be7 33. Qf5 a5 34. a3 a4 35. Ba2 c5 36. dxc5 Rd8 37. Bxf7+ Kh8 38. Qh5+ Qxh5 39. Bxh5 Nf6 0-1

[Event "CAN-op (Pinnacle 48th CAN Op Ch)"]
[Site "Toronto CAN"]
[Date "2011.07.17"]
[Round "9"]
[White "Castle, Larry"]
[Black "Purewal, Sardul"]
[Result "0-1"]
[WhiteElo "1724"]
[BlackElo "2004"]
[PlyCount "100"]
[GameId "2160767909707517"]
[EventDate "2011.07.09"]
[EventType "swiss"]
[EventRounds "9"]
[EventCountry "CAN"]
[SourceTitle "hb 2011"]

1. d4 g6 2. c4 Bg7 3. Nc3 c5 4. d5 Bxc3+ 5. bxc3 f5 6. g3 Qa5 7. Qc2 Nf6 8. Bg2 d6 9. Nf3 Nbd7 10. O-O Nb6 11. Nd2 Ng4 12. e4 Ne5 13. Qb3 Bd7 14. a4 Qa6 15. exf5 Bxf5 16. Qb5+ Kd8 17. Qxa6 bxa6 18. a5 Nbxc4 19. Nxc4 Nxc4 20. Re1 Ne5 21. Bg5 Re8 22. f4 Nd3 23. Re3 c4 24. Rb1 Kc7 25. h3 h5 26. Kh2 Rad8 27. Bf3 Nxf4 28. Rb2 Nxh3 29. Rxe7+ Rxe7 30. Bxe7 Re8 31. Bf6 Rf8 32. Bd4 Ng5 33. Bg2 Be4 34. Bxe4 Nxe4 35. Re2 Re8 36. Bxa7 Nf6 37. Re6 Rxe6 38. dxe6 d5 39. Bd4 Ng4+ 40. Kg2 Kd6 41. e7 Kxe7 42. Kf3 g5 43. Kg2 Ke6 44. Kf3 Kf5 45. Bc5 Ne5+ 46. Kg2 Ke4 47. Bd4 Nc6 48. Bb6 d4 49. cxd4 Nxd4 50. Bd8 g4 0-1

[Event "CAN-op (Pinnacle 48th CAN Op Ch)"]
[Site "Toronto CAN"]
[Date "2011.07.17"]
[Round "9"]
[White "Chan, James"]
[Black "Ibrahim, Ismail"]
[Result "0-1"]
[WhiteElo "2022"]
[BlackElo "2110"]
[PlyCount "54"]
[GameId "2160767909707518"]
[EventDate "2011.07.09"]
[EventType "swiss"]
[EventRounds "9"]
[EventCountry "CAN"]
[SourceTitle "hb 2011"]

1. e4 e5 2. Nf3 Nc6 3. Bb5 a6 4. Ba4 Nf6 5. O-O Be7 6. Re1 b5 7. Bb3 d6 8. c3 Bg4 9. h3 Bc8 10. d4 O-O 11. Nbd2 exd4 12. cxd4 Na5 13. Bc2 c5 14. d5 Re8 15. Nf1 Bf8 16. b3 g6 17. Bb2 b4 18. a3 Bg7 19. axb4 cxb4 20. Ra2 Nb7 21. Nd4 a5 22. Nc6 Qc7 23. Qf3 Nxd5 24. Bxg7 Kxg7 25. exd5 Rxe1 26. Nxb4 axb4 27. Rxa8 Qxc2 0-1

[Event "CAN-op (Pinnacle 48th CAN Op Ch)"]
[Site "Toronto CAN"]
[Date "2011.07.17"]
[Round "9"]
[White "Day, Lawrence"]
[Black "Peev, Pavel"]
[Result "0-1"]
[WhiteElo "2262"]
[BlackElo "2083"]
[PlyCount "53"]
[GameId "2160767909707520"]
[EventDate "2011.07.09"]
[EventType "swiss"]
[EventRounds "9"]
[EventCountry "CAN"]
[SourceTitle "EXT 2022"]
[Source "ChessBase"]
[SourceDate "2021.10.06"]
[SourceVersion "1"]
[SourceVersionDate "2021.10.06"]
[SourceQuality "1"]

1. f4 c5 2. Nf3 Nc6 3. d3 d5 4. c3 Nf6 5. g3 Qc7 6. Bg2 e6 7. O-O Be7 8. Na3 O-O 9. Nh4 Rd8 10. Qe1 b6 11. h3 Bb7 12. g4 Ne8 13. Qf2 a6 14. e4 dxe4 15. dxe4 Na5 16. f5 e5 17. f6 Nxf6 18. g5 Nxe4 19. Qxf7+ Kh8 20. Nf5 Bd6 21. Nxd6 Qxd6 22. Nc4 Nxc4 23. Qxb7 Ng3 24. Rf7 Ne2+ 25. Kh1 Qd1+ 26. Bf1 Nxc1 27. Qe4 0-1

[Event "CAN-op (Pinnacle 48th CAN Op Ch)"]
[Site "Toronto CAN"]
[Date "2011.07.17"]
[Round "9"]
[White "Derraugh, Geordie"]
[Black "Wang, Jesse BJ"]
[Result "1/2-1/2"]
[WhiteElo "2140"]
[BlackElo "1998"]
[PlyCount "76"]
[GameId "2160767909707521"]
[EventDate "2011.07.09"]
[EventType "swiss"]
[EventRounds "9"]
[EventCountry "CAN"]
[SourceTitle "hb 2011"]

1. e4 c5 2. c3 Nf6 3. e5 Nd5 4. d4 cxd4 5. Nf3 e6 6. cxd4 d6 7. Nc3 Bd7 8. Be2 Bc6 9. O-O Nd7 10. Bg5 Qb6 11. Qd2 dxe5 12. Nxe5 Nxe5 13. dxe5 h6 14. Nxd5 Bxd5 15. Be3 Bc5 16. Bxc5 Qxc5 17. Rfc1 Qb6 18. a4 O-O 19. Rc3 Qb4 20. Bd3 Qg4 21. f4 Rad8 22. Qf2 f6 23. h3 Qh5 24. Qg3 Qf7 25. Rac1 fxe5 26. fxe5 Qf4 27. Qg6 Qe3+ 28. Kh2 Qxe5+ 29. Kh1 Bc6 30. Rc5 Qxb2 31. Qh7+ Kf7 32. Qg6+ Ke7 33. Be4 Qf6 34. Qxf6+ Rxf6 35. Bxc6 bxc6 36. Rxc6 Rd7 37. Ra6 Kf7 38. Rc5 Rf5 1/2-1/2

[Event "CAN-op (Pinnacle 48th CAN Op Ch)"]
[Site "Toronto CAN"]
[Date "2011.07.17"]
[Round "9"]
[White "Dougherty, Michael"]
[Black "Drkulec, Vladimir"]
[Result "1-0"]
[WhiteElo "2217"]
[BlackElo "2002"]
[PlyCount "102"]
[GameId "2160767909707522"]
[EventDate "2011.07.09"]
[EventType "swiss"]
[EventRounds "9"]
[EventCountry "CAN"]
[SourceTitle "CBM 143 Extra"]
[Source "ChessBase"]
[SourceDate "2011.08.29"]
[SourceVersion "1"]
[SourceVersionDate "2011.08.29"]
[SourceQuality "1"]

1. d4 Nf6 2. c4 g6 3. Nc3 Bg7 4. e4 d6 5. f4 O-O 6. Nf3 Na6 7. Be2 Bg4 8. O-O Re8 9. e5 Nd7 10. Ng5 Bxe2 11. Qxe2 e6 12. Qg4 f5 13. exf6 Nxf6 14. Qf3 c6 15. Be3 Qd7 16. Rad1 d5 17. b3 Re7 18. Qh3 Bh8 19. Nf3 Rf8 20. Ne5 Qe8 21. Bc1 c5 22. dxc5 Nxc5 23. b4 Nce4 24. Nxe4 Nxe4 25. cxd5 exd5 26. Qd3 Nf6 27. b5 Rxe5 28. fxe5 Qxe5 29. Bf4 Qe6 30. Rde1 Qb6+ 31. Kh1 Bg7 32. Be5 a6 33. Bxf6 Bxf6 34. Qxd5+ Kg7 35. g4 h6 36. bxa6 Qxa6 37. Rb1 Rf7 38. Rf3 g5 39. Rfb3 Qxa2 40. Qe4 b5 41. Rxb5 Qa6 42. Rb7 Kf8 43. Rxf7+ Kxf7 44. Rb7+ Kf8 45. Rb8+ Kg7 46. Rb7+ Kf8 47. Qb4+ Ke8 48. Rb8+ Bd8 49. Qe4+ Kf7 50. Qd5+ Kg7 51. Rb7+ Qxb7 1-0

[Event "CAN-op (Pinnacle 48th CAN Op Ch)"]
[Site "Toronto CAN"]
[Date "2011.07.17"]
[Round "9"]
[White "Fan, Brendan"]
[Black "Ugodnikov, Arkadiy"]
[Result "1-0"]
[WhiteElo "2097"]
[BlackElo "1818"]
[PlyCount "103"]
[GameId "2160767909707523"]
[EventDate "2011.07.09"]
[EventType "swiss"]
[EventRounds "9"]
[EventCountry "CAN"]
[SourceTitle "hb 2011"]

1. e4 e5 2. Nf3 Nc6 3. Nc3 Nf6 4. d4 exd4 5. Nxd4 Bb4 6. Nxc6 bxc6 7. Bd3 d5 8. exd5 cxd5 9. O-O O-O 10. Bg5 c6 11. Na4 Re8 12. c4 Be6 13. Rc1 h6 14. Bh4 Rb8 15. a3 Bd6 16. b4 Be7 17. c5 Ne4 18. Bxe7 Qxe7 19. Qe2 Qc7 20. Bxe4 dxe4 21. Nc3 f5 22. Rfd1 Rbd8 23. a4 Bb3 24. Rxd8 Rxd8 25. Rb1 Be6 26. Rd1 Rd7 27. h3 Qd8 28. Rxd7 Qxd7 29. b5 Qd4 30. Qe3 Qxe3 31. fxe3 cxb5 32. axb5 Bd7 33. b6 Bc6 34. bxa7 Kf7 35. Na4 Ke6 36. Nb6 g5 37. a8=Q Bxa8 38. Nxa8 Kd5 39. Kf2 Kxc5 40. Nc7 Kc4 41. Ke2 Kc5 42. Ne6+ Kd5 43. Nd4 Ke5 44. Kf2 f4 45. Ne2 h5 46. exf4+ gxf4 47. g3 f3 48. Nf4 h4 49. Ng6+ Kd4 50. Nxh4 e3+ 51. Kxf3 Kd3 52. Ng2 1-0

[Event "CAN-op (Pinnacle 48th CAN Op Ch)"]
[Site "Toronto CAN"]
[Date "2011.07.17"]
[Round "9"]
[White "Florea, Alexandru"]
[Black "Tot, Nandor"]
[Result "1-0"]
[WhiteElo "2065"]
[BlackElo "2119"]
[PlyCount "63"]
[GameId "2160767909707525"]
[EventDate "2011.07.09"]
[EventType "swiss"]
[EventRounds "9"]
[EventCountry "CAN"]
[SourceTitle "hb 2011"]

1. e4 c5 2. Nc3 Nc6 3. f4 d6 4. Nf3 Bg4 5. Bc4 e6 6. d3 Be7 7. Be3 Bh4+ 8. Kd2 Bf6 9. Re1 Qa5 10. f5 O-O-O 11. fxe6 fxe6 12. h3 d5 13. exd5 exd5 14. Bxd5 Rxd5 15. hxg4 Nge7 16. Ke2 Rd7 17. Kf2 Ne5 18. Nxe5 Bxe5 19. Kg1 c4 20. Qf3 cxd3 21. cxd3 Ng6 22. Rac1 Kb8 23. Qf5 Rhd8 24. d4 Bh2+ 25. Kxh2 Qc7+ 26. Kg1 Rf8 27. Qc5 Qg3 28. Ne4 Qxg4 29. Nd6 Re7 30. d5 b6 31. Qc4 Qg3 32. Qc8+ 1-0

[Event "CAN-op (Pinnacle 48th CAN Op Ch)"]
[Site "Toronto CAN"]
[Date "2011.07.17"]
[Round "9"]
[White "Fu, James"]
[Black "Gulati, Ashish"]
[Result "1/2-1/2"]
[WhiteElo "2028"]
[BlackElo "2210"]
[PlyCount "86"]
[GameId "2160767909707526"]
[EventDate "2011.07.09"]
[EventType "swiss"]
[EventRounds "9"]
[EventCountry "CAN"]
[SourceTitle "EXT 2022"]
[Source "ChessBase"]
[SourceDate "2021.10.06"]
[SourceVersion "1"]
[SourceVersionDate "2021.10.06"]
[SourceQuality "1"]

1. e4 g6 2. Nf3 Bg7 3. d4 d6 4. Bc4 c6 5. O-O Nf6 6. Re1 O-O 7. Bb3 Bg4 8. h3 Bxf3 9. Qxf3 d5 10. e5 Ne4 11. Nd2 Ng5 12. Qg3 Ne6 13. c3 c5 14. Nf3 cxd4 15. Nxd4 Nxd4 16. cxd4 e6 17. Bg5 Qb6 18. Qh4 Nc6 19. Rad1 a5 20. Rd2 a4 21. Bc2 Na5 22. Qf4 Nc4 23. Rde2 Nxb2 24. h4 Rac8 25. h5 Rxc2 26. Rxc2 Nd3 27. Qd2 Nxe1 28. Rc1 f6 29. exf6 Bxf6 30. Bxf6 Rxf6 31. Qh6 Qd8 32. Rxe1 Qf8 33. Qg5 h6 34. Qg4 Qf7 35. Qg3 g5 36. Qb8+ Qf8 37. Qxb7 Rxf2 38. Rc1 Rf7 39. Qa6 Qb4 40. Qd3 Rf6 41. Rc8+ Kg7 42. Rc7+ Kf8 43. Rc8+ Kg7 1/2-1/2

[Event "CAN-op (Pinnacle 48th CAN Op Ch)"]
[Site "Toronto CAN"]
[Date "2011.07.17"]
[Round "9"]
[White "Grecu, Veaceslav"]
[Black "Razzaq, Ali"]
[Result "1-0"]
[WhiteElo "1900"]
[BlackElo "1920"]
[PlyCount "93"]
[GameId "2160767909707529"]
[EventDate "2011.07.09"]
[EventType "swiss"]
[EventRounds "9"]
[EventCountry "CAN"]
[SourceTitle "CBM 143 Extra"]
[Source "ChessBase"]
[SourceDate "2011.08.29"]
[SourceVersion "1"]
[SourceVersionDate "2011.08.29"]
[SourceQuality "1"]

1. e4 c6 2. Nc3 d5 3. d4 dxe4 4. Nxe4 Bf5 5. Ng3 Bg6 6. h4 h6 7. h5 Bh7 8. Nf3 Nd7 9. Bd3 Bxd3 10. Qxd3 e6 11. Bf4 Qa5+ 12. c3 Ngf6 13. Ne5 Nd5 14. Bd2 Nxe5 15. dxe5 O-O-O 16. Qf3 Nb6 17. Qe2 Qd5 18. Rh2 Be7 19. b3 Rd7 20. c4 Qd4 21. Rc1 Qb2 22. Bf4 Bb4+ 23. Kf1 Qd4 24. Ne4 Rhd8 25. g3 f6 26. c5 Nd5 27. Nd6+ Kb8 28. Rc4 Qa1+ 29. Kg2 Nxf4+ 30. gxf4 Qe1 31. Qxe1 Bxe1 32. Rh1 Ba5 33. b4 Bc7 34. Re1 Rf8 35. Rce4 fxe5 36. fxe5 b6 37. f4 bxc5 38. bxc5 Ba5 39. Rb1+ Kc7 40. Ra4 Bb6 41. cxb6+ axb6 42. Ra7+ Kd8 43. Ra8+ Ke7 44. Rxf8 Kxf8 45. Rxb6 Ra7 46. Rb8+ Ke7 47. Nc8+ 1-0

[Event "CAN-op (Pinnacle 48th CAN Op Ch)"]
[Site "Toronto CAN"]
[Date "2011.07.17"]
[Round "9"]
[White "Henry, Liam"]
[Black "Longo, Tyler"]
[Result "1-0"]
[WhiteElo "2290"]
[BlackElo "2087"]
[PlyCount "59"]
[GameId "2160767909707532"]
[EventDate "2011.07.09"]
[EventType "swiss"]
[EventRounds "9"]
[EventCountry "CAN"]

1. e4 d5 2. exd5 Qxd5 3. Nc3 Qd6 4. d4 Nf6 5. Be3 Bg4 6. Qd2 a6 7. h3 Bh5 8. g4 Bg6 9. Bg2 Nc6 10. f4 e6 11. d5 exd5 12. f5 Bxf5 13. gxf5 d4 14. O-O-O dxe3 15. Qxe3+ Qe7 16. Bxc6+ bxc6 17. Qf3 Qc5 18. Ne4 Nxe4 19. Qxe4+ Be7 20. Re1 Rd8 21. Nf3 f6 22. b4 Qd6 23. Nd4 Qxb4 24. Nxc6 Qa3+ 25. Kb1 O-O 26. Nxe7+ Kh8 27. Re3 Rb8+ 28. Rb3 Rfe8 29. Ng6+ hxg6 30. Qxe8+ 1-0

[Event "CAN-op (Pinnacle 48th CAN Op Ch)"]
[Site "Toronto CAN"]
[Date "2011.07.17"]
[Round "9"]
[White "Lin, Tony (Juntao)"]
[Black "Itkin, David"]
[Result "0-1"]
[WhiteElo "2023"]
[BlackElo "2203"]
[PlyCount "49"]
[GameId "2160767909707537"]
[EventDate "2011.07.09"]
[EventType "swiss"]
[EventRounds "9"]
[EventCountry "CAN"]
[SourceTitle "hb 2011"]

1. d4 Nf6 2. Nf3 g6 3. Bg5 Bg7 4. Nbd2 O-O 5. e4 d6 6. c3 c5 7. Be2 cxd4 8. cxd4 h6 9. Be3 Ng4 10. Bf4 Nc6 11. h3 Nf6 12. O-O Bd7 13. d5 Nb4 14. Be3 Na6 15. Rb1 Nc5 16. Bxc5 dxc5 17. Re1 b5 18. Kh2 Qb6 19. Qb3 e6 20. dxe6 fxe6 21. e5 Nd5 22. Rbc1 Rac8 23. Ne4 Nb4 24. Nf6+ Bxf6 25. exf6 0-1

[Event "CAN-op (Pinnacle 48th CAN Op Ch)"]
[Site "Toronto CAN"]
[Date "2011.07.17"]
[Round "9"]
[White "Loadman, Ian"]
[Black "Inigo, Aquino"]
[Result "0-1"]
[WhiteElo "2218"]
[BlackElo "2088"]
[PlyCount "62"]
[GameId "2160767909707538"]
[EventDate "2011.07.09"]
[EventType "swiss"]
[EventRounds "9"]
[EventCountry "CAN"]

1. e4 e6 2. d4 d5 3. Nc3 Bb4 4. e5 c5 5. a3 Bxc3+ 6. bxc3 Ne7 7. Nf3 Qc7 8. Bd3 b6 9. O-O Ba6 10. Bxa6 Nxa6 11. a4 O-O 12. Ba3 Nb8 13. Qd3 h6 14. c4 dxc4 15. Qxc4 Nd7 16. Rad1 Rfd8 17. Rfe1 Nd5 18. dxc5 bxc5 19. Qg4 Nf8 20. Bc1 Kh8 21. Qh5 Nc3 22. Rd3 Rxd3 23. cxd3 Rd8 24. Bxh6 gxh6 25. Qxh6+ Kg8 26. Re3 Rb8 27. h4 Rb1+ 28. Kh2 Nd5 29. Nd2 Nxe3 30. Qxe3 Rb4 31. Qg5+ Ng6 0-1

[Event "CAN-op (Pinnacle 48th CAN Op Ch)"]
[Site "Toronto CAN"]
[Date "2011.07.17"]
[Round "9"]
[White "Luo, Zhao Yang"]
[Black "Willis, Bradley"]
[Result "0-1"]
[WhiteElo "1894"]
[BlackElo "2094"]
[PlyCount "104"]
[GameId "2160767909707539"]
[EventDate "2011.07.09"]
[EventType "swiss"]
[EventRounds "9"]
[EventCountry "CAN"]
[SourceTitle "hb 2011"]

1. d4 e6 2. Nf3 f5 3. c4 Nf6 4. Nc3 Bb4 5. Bg5 O-O 6. e3 Qe8 7. Qb3 Bxc3+ 8. bxc3 d6 9. Be2 Nbd7 10. Nd2 Kh8 11. O-O e5 12. Bf3 h6 13. Bxf6 Rxf6 14. g3 g5 15. e4 f4 16. g4 Nf8 17. Be2 f3 18. Bxf3 Rxf3 19. Nxf3 Bxg4 20. Nd2 b6 21. Qb5 Bd7 22. Qb1 Ng6 23. f3 Nf4 24. Kh1 Qh5 25. Qe1 Rg8 26. Rg1 g4 27. Qg3 Ne2 28. Qf2 Nxg1 29. Rxg1 Qf7 30. Qg3 Rg5 31. Qh4 Kg7 32. Rg2 Qf4 33. Qf2 gxf3 34. Qxf3 Qxf3 35. Nxf3 Rxg2 36. Kxg2 Kf6 37. Kg3 Be6 38. d5 Bf7 39. Nh4 Kg5 40. h3 Bh5 41. Nf3+ Kf6 42. Kf2 Bg6 43. Ke3 Bh7 44. Kd3 Kg6 45. Ke3 Kh5 46. Kd3 Bg6 47. Ke3 Be8 48. Kd3 Bd7 49. Ng1 Kh4 50. c5 bxc5 51. Kc4 Kg3 52. Ne2+ Kxh3 0-1

[Event "CAN-op (Pinnacle 48th CAN Op Ch)"]
[Site "Toronto CAN"]
[Date "2011.07.17"]
[Round "9"]
[White "Meszaros, Michal"]
[Black "Acosta, Mariano"]
[Result "1-0"]
[WhiteElo "2418"]
[BlackElo "2063"]
[PlyCount "84"]
[GameId "2160767909707541"]
[EventDate "2011.07.09"]
[EventType "swiss"]
[EventRounds "9"]
[EventCountry "CAN"]
[SourceTitle "CBM 143 Extra"]
[Source "ChessBase"]
[SourceDate "2011.08.29"]
[SourceVersion "1"]
[SourceVersionDate "2011.08.29"]
[SourceQuality "1"]

1. e4 d6 2. d4 Nf6 3. Nc3 c6 4. h3 Nbd7 5. Nf3 e5 6. a4 g6 7. a5 Bg7 8. dxe5 dxe5 9. Bc4 O-O 10. b4 h6 11. Be3 Qe7 12. Rb1 a6 13. O-O Kh7 14. Ba2 Nh5 15. Nd2 Rd8 16. Qf3 Nf4 17. Na4 Ne6 18. c3 Rf8 19. Qe2 Nf4 20. Qf3 Ne6 21. Rbd1 Bf6 22. Qg4 h5 23. Qe2 Nf4 24. Qf3 Bg5 25. Nc4 Ne6 26. Ncb6 Nxb6 27. Nxb6 Bxe3 28. Nxa8 Bf4 29. Nb6 Ng5 30. Qd3 Be6 31. Bxe6 Nxe6 32. g3 Qg5 33. h4 Qg4 34. Nd7 f5 35. Nxf8+ Nxf8 36. Kg2 fxe4 37. Qxe4 Kg8 38. Rd8 Kf7 39. Qf3 Ne6 40. Qxg4 hxg4 41. Rd7+ Kf6 42. gxf4 Nxf4+ 1-0

[Event "CAN-op (Pinnacle 48th CAN Op Ch)"]
[Site "Toronto CAN"]
[Date "2011.07.17"]
[Round "9"]
[White "Milicevic, Goran"]
[Black "Frilles, Ruperto"]
[Result "1-0"]
[WhiteElo "2400"]
[BlackElo "2105"]
[PlyCount "97"]
[GameId "2160767909707542"]
[EventDate "2011.07.09"]
[EventType "swiss"]
[EventRounds "9"]
[EventCountry "CAN"]
[SourceTitle "hb 2011"]

1. e4 c5 2. Nf3 Nc6 3. c3 g6 4. d4 cxd4 5. cxd4 Bg7 6. Nc3 d6 7. h3 h6 8. Bc4 a6 9. a4 e6 10. Be3 Nge7 11. Qd2 d5 12. Ba2 dxe4 13. Nxe4 Nf5 14. O-O O-O 15. Rfd1 Qe7 16. d5 exd5 17. Bxd5 Nxe3 18. Qxe3 Nb4 19. Bb3 Bf5 20. Nd6 Qxe3 21. fxe3 Bc2 22. Bxc2 Nxc2 23. Rac1 Nxe3 24. Re1 Nd5 25. Ne5 Nf4 26. Rc7 Bxe5 27. Rxe5 Rad8 28. Nxb7 Rd2 29. b4 Rxg2+ 30. Kf1 Rb2 31. b5 axb5 32. Rxb5 Ra2 33. a5 Re8 34. Nd6 Ra1+ 35. Kf2 Re2+ 36. Kg3 Ra3+ 37. Kxf4 g5+ 38. Kg4 Rg2+ 39. Kf5 Rf2+ 40. Ke5 Re2+ 41. Kd5 Rd2+ 42. Kc6 Rxh3 43. a6 Ra3 44. a7 Rda2 45. Rxf7 Ra6+ 46. Rb6 Rc2+ 47. Kb5 Rxb6+ 48. Kxb6 Ra2 49. Rb7 1-0

[Event "CAN-op (Pinnacle 48th CAN Op Ch)"]
[Site "Toronto CAN"]
[Date "2011.07.17"]
[Round "9"]
[White "Mulyar, Michael"]
[Black "Barrios, Felix"]
[Result "1-0"]
[WhiteElo "2410"]
[BlackElo "2202"]
[PlyCount "77"]
[GameId "2160767909707544"]
[EventDate "2011.07.09"]
[EventType "swiss"]
[EventRounds "9"]
[EventCountry "CAN"]
[SourceTitle "CBM 143 Extra"]
[Source "ChessBase"]
[SourceDate "2011.08.29"]
[SourceVersion "1"]
[SourceVersionDate "2011.08.29"]
[SourceQuality "1"]

1. c4 c5 2. Nf3 g6 3. d4 Nf6 4. Nc3 cxd4 5. Nxd4 Bg7 6. e4 d6 7. Be2 O-O 8. O-O a6 9. Be3 Nbd7 10. f3 e6 11. Nb3 Ne5 12. f4 Nc6 13. Qd2 Qc7 14. Rac1 Re8 15. Bf3 Nd7 16. Kh1 b6 17. Rfd1 Bf8 18. Nd4 Nxd4 19. Qxd4 Rb8 20. b3 Qc5 21. Qxc5 bxc5 22. e5 dxe5 23. Bc6 Re7 24. Ne4 exf4 25. Bxf4 e5 26. Bg5 f6 27. Nxf6+ Nxf6 28. Bxf6 Be6 29. Bxe7 Bxe7 30. Re1 Bf6 31. Rcd1 Kf8 32. Bd5 Bf5 33. Bf3 Rb6 34. Be4 Be6 35. h3 Ke7 36. Bd5 Bd7 37. Bg8 h5 38. Bd5 h4 39. Be4 1-0

[Event "CAN-op (Pinnacle 48th CAN Op Ch)"]
[Site "Toronto CAN"]
[Date "2011.07.17"]
[Round "9"]
[White "Nasir, Pi"]
[Black "Bzikot, Robert"]
[Result "1-0"]
[WhiteElo "1599"]
[BlackElo "2004"]
[PlyCount "64"]
[GameId "2160767909707545"]
[EventDate "2011.07.09"]
[EventType "swiss"]
[EventRounds "9"]
[EventCountry "CAN"]
[SourceTitle "hb 2011"]

1. e4 d6 2. d4 Nf6 3. Nc3 g6 4. f3 c6 5. Be3 b5 6. Bd3 a6 7. Nge2 Nbd7 8. O-O Qc7 9. Ng3 c5 10. dxc5 Nxc5 11. Qd2 h5 12. Rad1 Bg7 13. Rfe1 Bb7 14. a3 Nfd7 15. f4 h4 16. Nf1 h3 17. Nd5 Qc6 18. Ng3 Nf6 19. Qa5 Nxd5 20. exd5 Qc8 21. Qd2 Nxd3 22. Qxd3 hxg2 23. f5 Qd7 24. Bd4 Bxd4+ 25. Qxd4 O-O-O 26. Rd3 gxf5 27. Qa7 Rh4 28. b3 Rdh8 29. Rc3+ Kd8 30. Qb8+ Bc8 31. Qb6+ Ke8 32. Rc7 Qd8 1-0

[Event "CAN-op (Pinnacle 48th CAN Op Ch)"]
[Site "Toronto CAN"]
[Date "2011.07.17"]
[Round "9"]
[White "Opaska, Michael"]
[Black "Chidley-Hill, John"]
[Result "1-0"]
[WhiteElo "2001"]
[BlackElo "1787"]
[PlyCount "29"]
[GameId "2160767909707546"]
[EventDate "2011.07.09"]
[EventType "swiss"]
[EventRounds "9"]
[EventCountry "CAN"]
[SourceTitle "EXT 2022"]
[Source "ChessBase"]
[SourceDate "2021.10.06"]
[SourceVersion "1"]
[SourceVersionDate "2021.10.06"]
[SourceQuality "1"]

1. c4 Nf6 2. Nc3 e6 3. e4 d6 4. d4 Be7 5. f4 c5 6. d5 Na6 7. e5 Ng8 8. Nf3 f6 9. Bd3 fxe5 10. fxe5 dxe5 11. Nxe5 Nf6 12. O-O Nb4 13. Rxf6 Nxd3 14. Qh5+ g6 15. Rxg6 1-0

[Event "CAN-op (Pinnacle 48th CAN Op Ch)"]
[Site "Toronto CAN"]
[Date "2011.07.17"]
[Round "9"]
[White "Orlova, Yelizaveta"]
[Black "Kagramanov, Dina"]
[Result "1-0"]
[WhiteElo "1934"]
[BlackElo "2100"]
[PlyCount "123"]
[GameId "2160767909707547"]
[EventDate "2011.07.09"]
[EventType "swiss"]
[EventRounds "9"]
[EventCountry "CAN"]
[SourceTitle "CBM 143 Extra"]
[Source "ChessBase"]
[SourceDate "2011.08.29"]
[SourceVersion "1"]
[SourceVersionDate "2011.08.29"]
[SourceQuality "1"]

1. Nf3 d5 2. b3 c6 3. Bb2 Nf6 4. e3 Bg4 5. Be2 Nbd7 6. d4 e6 7. Nbd2 Bd6 8. O-O O-O 9. Ne5 Bxe2 10. Qxe2 Ne4 11. f3 Nxd2 12. Qxd2 f6 13. Nxd7 Qxd7 14. e4 Qc7 15. g3 b5 16. Rae1 a5 17. e5 fxe5 18. dxe5 Be7 19. f4 c5 20. g4 d4 21. Qg2 a4 22. f5 Bh4 23. Re4 Bg5 24. b4 Be3+ 25. Kh1 a3 26. Ba1 Rae8 27. f6 g5 28. c3 Rd8 29. bxc5 Qxc5 30. cxd4 Bxd4 31. Qd2 Bxa1 32. Qxg5+ Kf7 33. Qh5+ Kg8 34. f7+ Kh8 35. Qg5 Rxf7 36. Qxd8+ Kg7 37. Rxf7+ Kxf7 38. Qf6+ Kg8 39. Qxe6+ Kg7 40. Qf6+ Kg8 41. Qf4 Qd5 42. e6 Bf6 43. g5 Be7 44. Qb8+ Kg7 45. Qe5+ Qxe5 46. Rxe5 b4 47. Kg2 Kf8 48. h4 Bd6 49. Re2 Bc5 50. Kf3 Bd4 51. Ke4 Bb2 52. Re3 Bc3 53. Kd3 Ke7 54. Kc4 Bd2 55. Re2 Bc3 56. h5 Ke8 57. g6 hxg6 58. hxg6 Ke7 59. Rg2 Bg7 60. Kxb4 Kxe6 61. Kxa3 Kf6 62. Kb4 1-0

[Event "CAN-op (Pinnacle 48th CAN Op Ch)"]
[Site "Toronto CAN"]
[Date "2011.07.17"]
[Round "9"]
[White "Patterson, Roger"]
[Black "Miller, David"]
[Result "0-1"]
[WhiteElo "2134"]
[BlackElo "1936"]
[PlyCount "94"]
[GameId "2160767909707548"]
[EventDate "2011.07.09"]
[EventType "swiss"]
[EventRounds "9"]
[EventCountry "CAN"]
[SourceTitle "hb 2011"]

1. e4 c5 2. Nf3 d6 3. d4 cxd4 4. Nxd4 Nf6 5. Nc3 a6 6. Be2 e5 7. Nb3 Be7 8. O-O O-O 9. f4 b5 10. a4 b4 11. Nd5 Nxd5 12. Qxd5 Qb6+ 13. Kh1 Bb7 14. Qd3 Nd7 15. Be3 Qc7 16. a5 exf4 17. Bxf4 Ne5 18. Qe3 Qxc2 19. Rfc1 Qxe4 20. Qxe4 Bxe4 21. Bxe5 dxe5 22. Nc5 Bxc5 23. Rxc5 f6 24. Rc4 Bd5 25. Rxb4 Rfb8 26. Rxb8+ Rxb8 27. Bxa6 Rxb2 28. Bf1 Rb7 29. Rd1 Be4 30. a6 Ra7 31. Kg1 Kf7 32. Kf2 Ke7 33. Ke3 Bxg2 34. Bxg2 Rxa6 35. Rd2 Rd6 36. Ra2 f5 37. Bf3 Kf6 38. Be2 Rb6 39. Ra6 Rxa6 40. Bxa6 e4 41. Bc4 Ke5 42. Bg8 f4+ 43. Ke2 h6 44. h4 g5 45. hxg5 hxg5 46. Bh7 g4 47. Bg6 f3+ 0-1